000 00497pam a2200181 a 4500
020 _a0256068259 :
040 _cDLC
082 0 0 _a658 IRW 1989 A049 Or.
100 1 _aChampion, John M.
245 1 0 _aCritical incidents in management :
_bdecision and policy issues /
250 _a6th ed.
260 _aHomewood, Ill. :
_bIrwin,
_c1989.
300 _axviii, 365 p. ;
_c23 cm.
650 0 _aIndustrial management.
650 0 _aPersonnel management.
700 1 _aJames, John H.,
942 _cEK
999 _c13941
_d13941